| 000 | 00389nam a2200121Ia 4500 | ||
|---|---|---|---|
| 008 | 220204s9999 xx 000 0 und d | ||
| 020 | _a818511644X | ||
| 082 |
_a631.86(058) _bTAn |
||
| 100 | _aTandon, H L S | ||
| 245 | 0 | _aOrganic fertiliser and biofertilisers : A techno-commercial source book | |
| 260 |
_aNew Delhi _bFertiliser Development & Consultation Organisation _c1999 |
||
| 942 | _cBK | ||
| 999 |
_c42042 _d42042 |
||